000 00231nam a2200097Ia 4500
008 120527s9999 xx 000 0 und d
100 _aPURVES,Geoffrey.
245 _aHealthy living centres.
260 _bArchitectural.
942 _cBK
999 _c23739
_d23739